Dogs Multiple Choice - Statistics

General Stats
  • This quiz has been taken 152 times
  • The average score is 9 of 10
Answer Stats
Question Answer % Correct
Which dog is a Pomeranian
100%
Which dog is a Shih Tzu
100%
Which dog is a Saint Bernard
94%
Which dog is a Cavalier King Charles Spaniel?
94%
Which dog is a Rottweiler
94%
Which dog is a Boxer
90%
Which dog is a Great Dane
90%
Which dog is a Malamute?
84%
Which dog is a Shiba Inu
84%
Which dog is a American Eskimo
48%
No matching quizzes found
Score Distribution
Percent of People with Each Score
Percentile by Number Answered
Your Score History
You have not taken this quiz